000 00497nam a2200157 i 4500
001 100183
003 ES-MaACL
005 20230906182625.0
007 t|
008 050922s1973 sp ||||1| spa d
100 1 _aMartínez Rodríguez, Restituto.
_978374
245 1 0 _aPrimogenitura
_b: novela de costumbres regionales /
_cRestituto Martínez Rodríguez.
260 _aLeón :
_b[s.n.],
_c1973 (
_fImp. Casado)
300 _a175 p., 14 lám. ;
_c22 cm.
852 _aES-MaACL
_jC-54872
_bR.87681
999 _c100183
_d100183